Online katalóg knižníc regiónu Turca

Nápady a recepty zo Zázračného ateliéru (Record no. 21358)

MARC details
000 -LEADER
fixed length control field 02694cam a2200781 a 4500
001 - CONTROL NUMBER
control field 21358
003 - CONTROL NUMBER IDENTIFIER
control field VRT
005 - DATE AND TIME OF LATEST TRANSACTION
control field 20260227151720.0
008 - FIXED-LENGTH DATA ELEMENTS--GENERAL INFORMATION
fixed length control field 240318s2017 xo o b f 000 0 slo
015 ## - NATIONAL BIBLIOGRAPHY NUMBER
National bibliography number SNBA2017/10
020 ## - INTERNATIONAL STANDARD BOOK NUMBER
International Standard Book Number 9788056600870
Qualifying information (viaz.)
035 ## - SYSTEM CONTROL NUMBER
System control number urn:nbn:sk:snk-am00d5s4
035 ## - SYSTEM CONTROL NUMBER
System control number urn:nbn:sk:snk-am3hqmt
035 ## - SYSTEM CONTROL NUMBER
System control number 0ADEC5F0-3BB7-4506-AFE5-347126889E1F
039 #9 - LEVEL OF BIBLIOGRAPHIC CONTROL AND CODING DETAIL [OBSOLETE]
Level of rules in bibliographic description 202403182109
Level of effort used to assign nonsubject heading access points VLOAD
Level of effort used to assign subject headings 202002051905
Level of effort used to assign classification VLOAD
Level of effort used to assign subject headings 201801191047
Level of effort used to assign classification mvthk03
Level of effort used to assign subject headings 201801161026
Level of effort used to assign classification VLOAD
040 ## - CATALOGING SOURCE
Original cataloging agency MIZKGZ
Language of cataloging slo
Transcribing agency MIZKGZ
Modifying agency SNK
-- SVKBB
Description conventions AACR2
041 0# - LANGUAGE CODE
Language code of text/sound track or separate title slo
044 ## - COUNTRY OF PUBLISHING/PRODUCING ENTITY CODE
MARC country code xo
ISO country code SK
072 #7 - SUBJECT CATEGORY CODE
Subject category code 74
Subject category code subdivision Kresba. Umelecké remeslá
Source konspekt
072 #7 - SUBJECT CATEGORY CODE
Subject category code 0/9-053.2
Subject category code subdivision Literatúra pre deti a mládež (náučná)
Source konspekt
080 ## - UNIVERSAL DECIMAL CLASSIFICATION NUMBER
Universal Decimal Classification number 746
Edition identifier 2011
080 ## - UNIVERSAL DECIMAL CLASSIFICATION NUMBER
Universal Decimal Classification number 159.954
Edition identifier 2011
080 ## - UNIVERSAL DECIMAL CLASSIFICATION NUMBER
Universal Decimal Classification number (083.12)
Edition identifier 2011
080 ## - UNIVERSAL DECIMAL CLASSIFICATION NUMBER
Universal Decimal Classification number 688.78/.79
Edition identifier 2011
080 ## - UNIVERSAL DECIMAL CLASSIFICATION NUMBER
Universal Decimal Classification number (0.05)
Edition identifier 2011
080 ## - UNIVERSAL DECIMAL CLASSIFICATION NUMBER
Universal Decimal Classification number (035)
Edition identifier 2011
100 1# - MAIN ENTRY--PERSONAL NAME
Personal name Šebová, Janka
Relationship aut
245 10 - TITLE STATEMENT
Title Nápady a recepty zo Zázračného ateliéru
Statement of responsibility, etc. Janka Šebová a Tomáš Šebo ; [photos Šimon Šebo]
250 ## - EDITION STATEMENT
Edition statement 1. vyd.
260 ## - PUBLICATION, DISTRIBUTION, ETC.
Place of publication, distribution, etc. V Bratislave
Name of publisher, distributor, etc. Albatros
-- Albatros Media Slovakia
Date of publication, distribution, etc. 2017
300 ## - PHYSICAL DESCRIPTION
Extent 94, [1] s.
Other physical details fotogr.
Dimensions 26 cm
500 ## - GENERAL NOTE
General note Hrebeňová väzba
500 ## - GENERAL NOTE
General note Podľa známej detskej relácie RTV Rozhlas a televízia Slovenska
500 ## - GENERAL NOTE
General note Vydalo vydavateľstvo Albatros v Bratislave v spoločnosti Albatros Media Slovakia
521 1# - TARGET AUDIENCE NOTE
Target audience note Pre čitateľov od 5 rokov
650 07 - SUBJECT ADDED ENTRY--TOPICAL TERM
Topical term or geographic name entry element ručné práce
Source of heading or term SNKPH
650 07 - SUBJECT ADDED ENTRY--TOPICAL TERM
Topical term or geographic name entry element dekoračné predmety
Source of heading or term SNKPH
650 07 - SUBJECT ADDED ENTRY--TOPICAL TERM
Topical term or geographic name entry element Fancy works
Source of heading or term SNKPHeng
650 07 - SUBJECT ADDED ENTRY--TOPICAL TERM
Topical term or geographic name entry element Decorative articles
Source of heading or term SNKPHeng
650 07 - SUBJECT ADDED ENTRY--TOPICAL TERM
Topical term or geographic name entry element Creative ability
Source of heading or term SNKPHeng
650 07 - SUBJECT ADDED ENTRY--TOPICAL TERM
Topical term or geographic name entry element kreativita
Source of heading or term SNKPH
655 #7 - INDEX TERM--GENRE/FORM
Genre/form data or focus term kuchárske recepty
Source of term SNKPH
655 #7 - INDEX TERM--GENRE/FORM
Genre/form data or focus term Cookbooks
Source of term SNKPHeng
655 #7 - INDEX TERM--GENRE/FORM
Genre/form data or focus term publikácie pre deti
Source of term SNKPH
655 #7 - INDEX TERM--GENRE/FORM
Genre/form data or focus term Children's literature
Source of term SNKPHeng
655 #7 - INDEX TERM--GENRE/FORM
Genre/form data or focus term príručky
Source of term SNKPH
655 #7 - INDEX TERM--GENRE/FORM
Genre/form data or focus term Handbooks, manuals, etc.
Source of term SNKPHeng
700 1# - ADDED ENTRY--PERSONAL NAME
Personal name Šebo, Tomáš
Relationship aut
700 1# - ADDED ENTRY--PERSONAL NAME
Personal name Šebo, Šimon
Relationship pht
752 ## - ADDED ENTRY--HIERARCHICAL PLACE NAME
Country or larger entity Slovensko
City Bratislava
910 ## - USER-OPTION DATA (OCLC)
User-option data mizkgz
910 ## - USER-OPTION DATA (OCLC)
User-option data sllk
910 ## - USER-OPTION DATA (OCLC)
User-option data pokpoh
910 ## - USER-OPTION DATA (OCLC)
User-option data pppk
910 ## - USER-OPTION DATA (OCLC)
User-option data hevk
910 ## - USER-OPTION DATA (OCLC)
User-option data snk
910 ## - USER-OPTION DATA (OCLC)
User-option data totk
910 ## - USER-OPTION DATA (OCLC)
User-option data bin
910 ## - USER-OPTION DATA (OCLC)
User-option data vthk
942 ## - ADDED ENTRY ELEMENTS (KOHA)
Source of classification or shelving scheme Dewey Decimal Classification
Koha item type Odborná literatúra pre deti
Suppress in OPAC No
949 ## - LOCAL PROCESSING INFORMATION (OCLC)
6 2889334855
a savukPV 25728
b savuk2018/686
949 ## - LOCAL PROCESSING INFORMATION (OCLC)
6 17A1272716
a snkSB 91994
b snk2017/21421
o 2017/17
s 6100:20171018
949 ## - LOCAL PROCESSING INFORMATION (OCLC)
6 17A1272717
a snkSB 91994 D1
b snk2017/21422
o 2017/17
949 ## - LOCAL PROCESSING INFORMATION (OCLC)
6 3870A25113
a binT G9 275
b bin25113
949 ## - LOCAL PROCESSING INFORMATION (OCLC)
6 270001000581671
a svkbbB 57481
b svkbbm 772633
949 ## - LOCAL PROCESSING INFORMATION (OCLC)
6 273K0626555
a svkpoC 58796
b svkpo623986
Holdings
Stav vyradenia Strata Poškodenie Spôsob nadobudnutia Domovská knižnica Aktuálna knižnica Dátum nadobudnutia Cena Total checkouts Čiarový kód exemplára Date last seen Typ exemplára
      Kúpa Obecná knižnica Horná Štubňa Obecná knižnica Horná Štubňa 27.02.2026 12.99   9788056600870 27.02.2026 Odborná literatúra pre deti
Projekt je podporený Slovenskou asociáciou knižníc
Prevádzkuje Turčianska knižnica Martin 2026